Dance Moms D dances - Statistics

General Stats
  • This quiz has been taken 36 times
  • The average score is 24 of 34
Answer Stats
Picture Answer % Correct
Dance Doctor
100%
Dream on a star
100%
Diary of Anne Frank
94%
Dig it
94%
Disappear
94%
Daisy Chains
89%
Dancing Barefoot
89%
Domino Effect
89%
Dont Take My Fire
89%
Double Take
89%
Dainty but dangerous
83%
Dear Lilly, Love Daddy
83%
Demand Applause
83%
DOA
83%
Damsel in Distress
78%
Dance Bop
78%
Dont ask just tell
78%
Dont fence me in
78%
Down to the river
72%
Disconnected
67%
Dont catch me
67%
Down my Spine
67%
Dance in the rain
61%
Drizzle
61%
Dancing in the shadows
56%
Diamond in the Rough
56%
Dreams come true
50%
Dont leave me
44%
Drowning
44%
Decadent Darlings
39%
Dream it
39%
Dance Till I Die
33%
Different bodies
33%
Don't be afraid of the dark
28%
No matching quizzes found
Score Distribution
Percent of People with Each Score
Percentile by Number Answered
Your Score History
You have not taken this quiz